Statistics for Trick question towns: choose the country (quatre)

Click here to take the quiz!

General Stats

  • This quiz has been taken 7 times
  • The average score is 12 of 20

Answer Stats

QuestionAnswer% Correct
FrankfortUSA
100%
EunapolisBrazil
80%
El SalvadorChile
80%
GlogowPoland
80%
MaryTurkmenistan
80%
SchaumburgUSA
80%
EdinburgUSA
80%
HondurasCuba
60%
MalaboEquatorial Guinea
60%
GuadalupeMexico
60%
GujratPakistan
60%
AngelesPhilippines
60%
eMbalenhleSouth Africa
60%
TrevelinArgentina
40%
OrdosChina
40%
FlorenciaColombia
40%
SalosLithuania
40%
GrutingUK
40%
Kamp TeeNicaragua
20%
GrossevichiRussia
0%

Score Distribution

Percentile by Number Answered

Percent of People with Each Score

Your Score History

You have not taken this quiz